00365nam a2200133 a 4500008004100000020001500041050001800056100002100074245004300095246001100138260005700149300001600206350000900222120416s0000 ||||||||||||||||| || u a1861680546 aHV 6626.5 Chi aDonnellan, Craig10aChild abusecedited by Craig Donnellan aissues aCambridgebIndependence Educational Publishersc1998 a44p. : ill. a0.00